000 00759nam a2200289Ia 4500
005 20260324112901.0
008 008 260324s9999 xx 000 0 eng d
020 _a9781003493907
037 _aEBOOK
040 _aCRL
040 _beng
040 _cCRL
041 _2eng
041 _aeng
084 _qCRL
100 _aLeslie S. Kaplan; William A. Owings
_91144535
245 0 _aEquity Audits and School Resource Allocation
245 0 _bApplying Critical Resource Theory to Increase Equal Opportunity in Schools
260 _bTaylor and Francis
260 _c2024
365 _a
365 _b230
856 _uhttp://www.taylorfrancis.com/books/9781003493907
942 _cEBOOK
999 _c1733915
_d1733915